Rene Russo Movies - Statistics

General Stats
  • This quiz has been taken 3 times
  • The average score is 8 of 12
Answer Stats
Release Year Costars Movie % Correct
1993 Clint Eastwood, John Malkovich In the Line of Fire
100%
1992 Mel Gibson, Danny Glover Lethal Weapon 3
100%
1995 Morgan Freeman, Kevin Spacey Outbreak
100%
1996 Mel Gibson, Gary Sinise Ransom
100%
2011 Chris Hemsworth, Natalie Portman Thor
100%
1995 John Travolta, Danny DeVito Get Shorty
67%
2014 Jake Gyllenhaal, Riz Ahmed Nightcrawler
67%
1996 Kevin Costner, Don Johnson Tin Cup
67%
1989 Tom Berenger, Charlie Sheen Major League
33%
2000 Robert De Niro, John Goodman The Adventures of Rocky and Bullwinkle
33%
2015 Robert De Niro, Anne Hathaway The Intern
33%
2019 Jake Gyllenhaal, Toni Collette Velvet Buzzsaw
33%
No matching quizzes found
Score Distribution
Percent of People with Each Score
Percentile by Number Answered
Your Score History
You have not taken this quiz